ARRUPE JESUIT UNIVERSITY

CORONAVIRUS -STOP THE SPREAD - CLEAN,DISINFECT,COVER

Philosophy of mind : (Record no. 120054)

MARC details
000 -LEADER
fixed length control field 00807cam a22002778a 4500
001 - CONTROL NUMBER
control field 5418573
003 - CONTROL NUMBER IDENTIFIER
control field ARRUPE
005 - DATE AND TIME OF LATEST TRANSACTION
control field 20141104020007.0
008 - FIXED-LENGTH DATA ELEMENTS--GENERAL INFORMATION
fixed length control field 050324s2005 enk f b 001 0 eng
015 ## - NATIONAL BIBLIOGRAPHY NUMBER
National bibliography number GBA536761
Source bnb
016 7# - NATIONAL BIBLIOGRAPHIC AGENCY CONTROL NUMBER
Record control number 013185989
Source Uk
020 ## - INTERNATIONAL STANDARD BOOK NUMBER
International Standard Book Number 9781851684786
035 ## - SYSTEM CONTROL NUMBER
System control number (OCoLC)ocm59878543
035 ## - SYSTEM CONTROL NUMBER
System control number (NNC)5418573
040 ## - CATALOGING SOURCE
Original cataloging agency UKM
Transcribing agency UKM
Modifying agency BAKER
-- EMU
050 #4 - LIBRARY OF CONGRESS CALL NUMBER
Classification number BD418.3
Item number .F413 2005
300 ## - PHYSICAL DESCRIPTION
Dimensions 22 cm.
100 1# - MAIN ENTRY--PERSONAL NAME
Personal name Feser, Edward.
9 (RLIN) 8646
245 10 - TITLE STATEMENT
Title Philosophy of mind :
Remainder of title a short introduction /
Statement of responsibility, etc Edward Feser.
260 ## - PUBLICATION, DISTRIBUTION, ETC. (IMPRINT)
Place of publication, distribution, etc Oxford, England :
Name of publisher, distributor, etc Oneworld,
Date of publication, distribution, etc 2005.
300 ## - PHYSICAL DESCRIPTION
Extent xi, 204 p. ;
504 ## - BIBLIOGRAPHY, ETC. NOTE
Bibliography, etc Includes bibliographical references and index.
650 #0 - SUBJECT ADDED ENTRY--TOPICAL TERM
Topical term or geographic name as entry element Philosophy of mind.
9 (RLIN) 8647
942 ## - ADDED ENTRY ELEMENTS (KOHA)
Source of classification or shelving scheme Library of Congress Classification
Koha item type Monograph ( Printed materials)
Koha issues (borrowed), all copies 6
948 2# - LOCAL PROCESSING INFORMATION (OCLC); SERIES PART DESIGNATOR (RLIN)
Series part designator, SPT (RLIN) 20050927
b (OCLC) n
c (OCLC) mw18
d (OCLC) MPS
Holdings
Withdrawn status Lost status Source of classification or shelving scheme Damaged status Not for loan Home library Current library Shelving location Date acquired Total Checkouts Full call number Barcode Date last seen Date checked out Price effective from Koha item type
    Library of Congress Classification     ARRUPE LIBRARY ARRUPE LIBRARY Main Collection 13/02/2014 21 BD418.3 .F413 2005 46500002277 18/12/2025 17/09/2025 13/02/2014 Monograph ( Printed materials)

 

Arrupe Library. PO Box MP320 Mt Pleasant, Harare, Zimbabwe
263 242 745411|librarian@aju.ac.zw